| Tag |
First Indicator |
Second Indicator |
Subfields |
| LEADER |
00000cam a2200000 a 4500 |
| 001 |
in00000027877 |
| 005 |
20151007054640.0 |
| 008 |
870918s1987 nyu 00011 eng |
| 010 |
|
|
|a 87027336
|
| 020 |
|
|
|a 031201483X :
|c $15.95
|
| 035 |
|
|
|a (OCoLC)16900840
|
| 035 |
|
|
|9 AAB5820AM
|
| 040 |
|
|
|a DLC
|c DLC
|d TXA
|d UtOrBLW
|
| 049 |
|
|
|a TXAM
|c [A11504187]
|
| 050 |
0 |
0 |
|a PR6054.U397
|b M87 1987
|
| 082 |
0 |
|
|a 823/.914
|2 19
|
| 100 |
1 |
|
|a Duffy, Margaret.
|
| 245 |
1 |
2 |
|a A murder of crows /
|c by Margaret Duffy.
|
| 250 |
|
|
|a 1st U.S. ed.
|
| 264 |
|
1 |
|a New York :
|b St. Martin's Press,
|c [1987]
|
| 264 |
|
4 |
|c ©1987
|
| 300 |
|
|
|a 236 pages ;
|c 22 cm.
|
| 336 |
|
|
|a text
|b txt
|2 rdacontent
|
| 337 |
|
|
|a unmediated
|b n
|2 rdamedia
|
| 338 |
|
|
|a volume
|b nc
|2 rdacarrier
|
| 999 |
|
|
|a MARS
|
| 999 |
f |
f |
|s 0bd689ad-98f5-31c3-8f6a-0b7349a14f1f
|i dd82f12f-eb8e-3ab2-98dd-b45c26b3eda0
|t 0
|
| 952 |
f |
f |
|p normal
|a Texas A&M University
|b College Station
|c Sterling C. Evans Library
|d Evans: Library Stacks
|t 0
|e PR6054.U397 M87 1987
|h Library of Congress classification
|i unmediated -- volume
|m A14811504187
|
| 998 |
f |
f |
|a PR6054.U397 M87 1987
|t 0
|l Evans: Library Stacks
|